000 01064cam a2200301 4500
008 090401t1990 xxu||||| |||| 00| 0 eng d
020 _a9519600361
035 _a(Sirsi) u69409
041 _aeng
050 _a526.9
110 _aFederation International Des Geometres
245 _aXVIX (i.e. XIX) congress... Helsinki , Finland, June 10-19 1990: commission 3... land information systems
260 _aHelsinki
_bFIG
_c1990
300 _a654p. : ill. ; 21cm.
350 _a0
520 _aPapers include:-Data for navigation systems/ SOWTON,M .-Place of H.M. Land Registry in the development of national GIS/ SMITH,P -Land information systems in developing countries / DALE,P -Education in cadastre/ BULLARD,R. -Application of graph theory to digital map data/CHAPMAN,D.
650 _aAUSTRALIAN
650 _aCANADA
650 _aDIGITAL MAPPING
650 _aEGYPT
650 _aFINLAND
650 _aJAPAN
650 _aNEW ZEALAND
650 _aSRI LANKA
650 _aUNITED STATES OF AMERICA
942 _n0
948 _c04/03/1997
999 _c95196
_d95196